Statistics for fast and furious actor to name

Click here to take the quiz!

General Stats

  • This quiz has been taken 40 times
  • The average score is 8 of 15

Answer Stats

HintAnswer% Correct
vin dieseldominic toretto
100%
michelle rodriguezletty ortiz
68%
dwayne johnsonluke hobbs
65%
paul walkerbrian o connor
62%
jason stathamdeckard shaw
59%
sung kanghan
56%
jordana brewstermia toretto
56%
gal gadotgiselle
53%
kurt russellmr nobody
50%
charlize theroncipher
41%
ludacristej parker
41%
nathalie emmanuelramsey
38%
tyrese gibsonroman pierce
38%
eva mendesmonica
24%
elsa patakyelena neves
18%

Score Distribution

Percentile by Number Answered

Percent of People with Each Score

Your Score History

You have not taken this quiz